000 00537nam a22001817a 4500
005 20251108172714.0
008 250721s2002 xx 000 0 ara d
082 1 4 _a910/محم
100 1 _aمحمدين، محمد محمود
_eمؤلف
245 1 0 _aالمدخل إلى علم الجغرافيا والبيئة /
264 1 _aالرياض :
_bدار المريخ،
_c2002.
300 _a505ص
650 1 7 _aالجغرافيا
650 1 7 _aالبيئة
650 1 7 _aتلوث البيئة
942 _2ddc
_cBK
999 _c86416
_d86416